|
|
|
|
| LEADER |
00000nam a22000005a 4500 |
| 001 |
5294 |
| 003 |
CL-ChBUA |
| 005 |
20120815102916.0 |
| 008 |
070301s1988 xxu 000 0deng |
| 040 |
|
|
|a CL-ChBUA
|c CL-ChBUA
|
| 082 |
0 |
0 |
|a 614.42
|
| 090 |
|
|
|c 5294
|d 5294
|
| 100 |
1 |
|
|a Hewitt, Donald W.
|
| 245 |
1 |
0 |
|a Longer Life, radiant health and dinamic living The easy way prevent cancer stroke heart attackes other diseases
|
| 260 |
|
|
|b Weimar.
|c c1988.
|
| 300 |
|
|
|a x, 354 p.
|c 23 cm.
|
| 504 |
|
|
|a Bibl., índice.
|
| 650 |
|
4 |
|a SALUD PUBLICA.
|
| 942 |
|
|
|c LIB
|
| 952 |
|
|
|0 0
|1 0
|4 0
|7 0
|9 7845
|a UNACH
|b UNACH
|c 600
|d 2007-03-05
|i 24.579.
|l 0
|o 614.42 / H 611.
|p 8844
|r 2012-12-27 00:00:00
|u 7845
|w 2012-08-08
|y LIB
|k 614.42 / H 611.
|
| 999 |
|
|
|c 5294
|d 5294
|